Bibliografia generale su Akrai 1537-2002
Αποθηκεύτηκε σε:
| Κύριος συγγραφέας: | |
|---|---|
| Μορφή: | Βιβλίο |
| Γλώσσα: | Italian |
| Δημοσίευση: |
Palazzolo Acreide :
Istituto Studi Acrensi,
[2005;]
|
| Θέματα: | |
| Ετικέτες: |
Προσθήκη ετικέτας
Δεν υπάρχουν, Καταχωρήστε ετικέτα πρώτοι!
|
MARC
| LEADER | 00000cam a2200000 i 4500 | ||
|---|---|---|---|
| 001 | 1/91133 | ||
| 008 | 080716s20059999 ita d | ||
| 035 | |l 10099020 | ||
| 040 | |a GR-MY-UA |b gre |e aacr | ||
| 041 | 0 | |a ita | |
| 082 | 0 | |a 015.37814 |2 (22) | |
| 100 | 1 | |a Scirpo, Paolo Daniele. | |
| 245 | 1 | 0 | |a Bibliografia generale su Akrai |h [ανάτυπο] : |b 1537-2002 / |c Paolo Daniele Scirpo |
| 260 | |a Palazzolo Acreide : |b Istituto Studi Acrensi, |c [2005;] | ||
| 300 | |a π. 93 σ.; |c 24 εκ. | ||
| 500 | |a Ανάτυπο από το "Studi Acrensi III (1996-2004)" | ||
| 650 | 0 | 0 | |a Bibliography, National |z Italy. |
| 651 | 0 | |a Syracuse (Italy) | |
| 651 | 0 | |a Palazzolo Acreide (Italy) | |
| 651 | 0 | |a Akrai (Extinct city) | |
| 852 | |a INST |b RHODES |e 20080716 |h 015.37814 SCI |p 005400026294 |q 005400026294 |t BK |y 0 | ||
| 901 | |a BIBL4-2008-2 | ||
| 970 | |a ΚΟΖΑ |b ΜΑΡΙΑ |z 2008/07/16 | ||